| 000 | 00561nam a2200193 a 4500 | ||
|---|---|---|---|
| 005 | 20231013063730.0 | ||
| 008 | 991125s1975 mx 000 0 spa u | ||
| 020 | _a9682302730 | ||
| 035 | _aUPN01000002439 | ||
| 049 | _aCG | ||
| 050 | 4 |
_aNA702 _bA4.4 |
|
| 245 | 0 | 0 |
_aAmérica Latina en su arquitectura / _crelator Roberto Segre. |
| 260 |
_aMéxico : _bSiglo XXI ; _bUNESCO, _c1975. |
||
| 300 | _a317 p. | ||
| 440 | 0 | _aAmérica Latina en su cultura | |
| 650 | 4 |
_aArquitectura _zAmérica Latina _92323 |
|
| 700 | 1 |
_aSegre, Roberto, _d1934- _932288 |
|
| 905 | _aLibro | ||
| 999 |
_c2439 _d2439 |
||